Fundamentals of Crystallography + Disketa
Salvato in:
| Autore principale: | |
|---|---|
| Natura: | Libro |
| Lingua: | inglese |
| Pubblicazione: |
Oxford :
Oxford University Press,
2002
|
| Edizione: | 2nd Edition |
| Serie: | International Union Crystallography Texts on Crystallography
|
| Tags: |
Nessun Tag, puoi essere il primo ad aggiungerne!!
|
MARC
| LEADER | 00000nam a22000003a 4500 | ||
|---|---|---|---|
| 001 | stu78451 | ||
| 005 | 20150617225643.2 | ||
| 008 | 030115s2002----uk------------------eng-d | ||
| 020 | |a 0-19-850958-8 | ||
| 040 | |a STU |b slo | ||
| 041 | 0 | |a eng | |
| 044 | |a uk | ||
| 080 | |a 548.0 | ||
| 100 | 1 | |a Giacovazzo, C |4 aut | |
| 245 | 1 | |a Fundamentals of Crystallography + Disketa | |
| 250 | |a 2nd Edition | ||
| 260 | |a Oxford : |b Oxford University Press, |c 2002 | ||
| 300 | |a 825 s.Obr.,tab.,grafy,lit | ||
| 830 | 0 | |a International Union Crystallography Texts on Crystallography |g Vol.7 | |
| 996 | |b C96967 |c C*96967 |l CCV |s P |a 0 |w stu78451_0001 | ||